|
|
|
|
| LEADER |
00000nam0a2200000 4500 |
| 001 |
360437 |
| 005 |
20250211063215.0 |
| 035 |
|
|
|a (RuTPU)RU\TPU\retro\17763
|
| 035 |
|
|
|a RU\TPU\retro\17758
|
| 090 |
|
|
|a 360437
|
| 100 |
|
|
|a 20210405d1975 k y0rusy5003 ca
|
| 101 |
0 |
|
|a rus
|
| 102 |
|
|
|a RU
|
| 105 |
|
|
|a y z 001zy
|
| 200 |
1 |
|
|a Физика и технология полупроводниковых приборов
|e [тематический сборник]
|f Московский энергетический институт ; под ред. К. В. Шалимовой
|
| 210 |
|
|
|a Москва
|c Изд-во МЭИ
|d 1975
|
| 215 |
|
|
|a 149 с.
|c табл., ил.
|
| 225 |
1 |
|
|a Труды Московского энергетического института (МЭИ)
|v Вып. 219
|
| 320 |
|
|
|a Библиогр. в конце ст.
|
| 500 |
1 |
0 |
|a Труды Московского энергетического института
|9 88841
|
| 606 |
1 |
|
|a Полупроводниковые приборы
|2 stltpush
|3 (RuTPU)RU\TPU\subj\50669
|9 69320
|
| 610 |
1 |
|
|a электрические свойства
|
| 610 |
1 |
|
|a тонкие слои
|
| 610 |
1 |
|
|a антимонид индия
|
| 610 |
1 |
|
|a твердые растворы
|
| 610 |
1 |
|
|a экситонные поглощения
|
| 610 |
1 |
|
|a деформации
|
| 610 |
1 |
|
|a электрическое поле
|
| 610 |
1 |
|
|a фотовозбуждение
|
| 610 |
1 |
|
|a дифракция
|
| 610 |
1 |
|
|a рентгеновские лучи
|
| 610 |
1 |
|
|a планарные структуры
|
| 610 |
1 |
|
|a электропроводимость
|
| 610 |
1 |
|
|a кристаллические структуры
|
| 610 |
1 |
|
|a сплавы
|
| 610 |
1 |
|
|a сварные швы
|
| 610 |
1 |
|
|a монокристаллы
|
| 610 |
1 |
|
|a пьезотранзисторы
|
| 610 |
1 |
|
|a селенид цинка
|
| 610 |
1 |
|
|a двуокись титана
|
| 610 |
1 |
|
|a двуокись циркония
|
| 610 |
1 |
|
|a нитрид кремния
|
| 610 |
1 |
|
|a структура
|
| 610 |
1 |
|
|a оптические свойства
|
| 610 |
1 |
|
|a датчики Холла
|
| 610 |
1 |
|
|a анализ
|
| 610 |
1 |
|
|a силовые вентили
|
| 675 |
|
|
|a 621.382
|v 3
|
| 702 |
|
1 |
|a Шалимова
|b К. В.
|4 340
|
| 712 |
0 |
2 |
|a Московский энергетический институт
|c (1930-1992)
|3 (RuTPU)RU\TPU\col\20092
|9 27693
|
| 801 |
|
0 |
|a RU
|b 63413507
|c 19950704
|g psbo
|
| 801 |
|
1 |
|a RU
|b 63413507
|c 20060118
|g PSBO
|
| 801 |
|
2 |
|a RU
|b 63413507
|c 20220209
|g PSBO
|
| 942 |
|
|
|c BK
|